00258 a2200097 4500020001800000100001700018245004900035250000900084260004400093650002300137 a9789354655364 aNarwal, Abha aKey To Success Staff Nurses Requirement Exam a9 th bJaypee Brothers Medical Publisherc2022 aNURSING FOUNDATION